Udržateľnosť atraktivít cestovného ruchu diplomová práca

Na minha lista:
Detalhes bibliográficos
Autor principal: Kolčáková, Simona
Autor Corporativo: Obchodná fakulta EU. Katedra cestovného ruchu
Outros Autores: Michálková, Anna, 1968-
Formato: Livro
Idioma:eslovaco
Publicado em: Bratislava 2025
Tags: Adicionar Tag
Sem tags, seja o primeiro a adicionar uma tag!

MARC

LEADER 00000nbm a2200000 4500
001 0311938
005 20251118111438.0
041 0 |a slo 
044 |a SK 
245 1 0 |a Udržateľnosť atraktivít cestovného ruchu  |b diplomová práca  |c Simona Kolčáková ; školiteľ: Anna Michálková 
264 1 |a Bratislava  |c 2025 
300 |a 108 s. 
100 1 |a Kolčáková, Simona 
700 1 |a Michálková, Anna, 1968- 
710 2 |a Obchodná fakulta EU. Katedra cestovného ruchu